Most expensive football transfers by nationality - Statistics

General Stats
  • This quiz has been taken 32 times
  • The average score is 48 of 58
Answer Stats
Nationality Fee (M €) Season Left Joined Player % Correct
Morocco 68,00 2021-2022 Inter Paris SG Achraf Hakimi
100%
Cameroon 50,20 2023-2024 Inter Manchester United André Onana
100%
Uruguay 85,00 2022-2023 Benfica Liverpool Darwin Núñez
100%
Poland 45,00 2022-2023 Bayern Munich Barcelona Robert Lewandowski
100%
Belgium 120,80 2019-2020 Chelsea Real Madrid Eden Hazard
100%
Argentina 121,00 2022-2023 Benfica Chelsea Enzo Fernández
100%
Netherlands 86,00 2019-2020 Ajax Barcelona Frenkie de Jong
100%
Wales 101,00 2013-2014 Tottenham Real Madrid Gareth Bale
100%
Croatia 90,00 2023-2024 RB Leipzig Manchester City Josko Gvardiol
100%
Germany 80,00 2020-2021 Bayer Leverkusen Chelsea Kai Havertz
100%
Costa Rica 15,00 2019-2020 Real Madrid Paris SG Keylor Navas
100%
France 180,00 2018-2019 Monaco Paris SG Kylian Mbappé
100%
South Korea 50,00 2023-2024 SSC Napoli Bayern Munich Min-jae Kim
100%
Egypt 42,00 2017-2018 AS Roma Liverpool Mohamed Salah
100%
Ecuador 116,00 2023-2024 Brighton Chelsea Moisés Caicedo
100%
Brazil 222,00 2017-2018 Barcelona Paris SG Neymar
100%
Gabon 63,75 2017-2018 Borussia Dortmund Arsenal Pierre-Emerick Aubameyang
100%
Algeria 67,80 2018-2019 Leicester Manchester City Riyad Mahrez
100%
Italy 64,00 2023-2024 AC Milan Newcastle Sandro Tonali
100%
Chile 42,50 2014-2015 Barcelona Arsenal Alexis Sánchez
96%
United States 64,00 2018-2019 Borussia Dortmund Chelsea Christian Pulisic
96%
Norway 60,00 2022-2023 Borussia Dortmund Manchester City Erling Haaland
96%
England 117,50 2021-2022 Aston Villa Manchester City Jack Grealish
96%
Colombia 75,00 2014-2015 Monaco Real Madrid James Rodríguez
96%
Portugal 127,20 2019-2020 Benfica Atlètico Madrid João Félix
96%
Ukraine 70,00 2022-2023 Shakhtar D. Chelsea Mykhaylo Mudryk
96%
Denmark 73,90 2023-2024 Atalanta BC Manchester United Rasmus Højlund
96%
Ghana 50,00 2020-2021 Atlético Madrid Arsenal Thomas Partey
96%
Sweden 70,00 2022-2023 Real Sociedad Newcastle Alexander Isak
93%
Czech Republic 45,00 2001-2002 Lazio Juventus Pavel Nedved
93%
Nigeria 77,50 2020-2021 LOSC Lille SSC Napoli Victor Osimhen
93%
Bulgaria 38,00 2008-2009 Tottenham Manchester United Dimitar Berbatov
89%
Hungary 70,00 2023-2024 RB Leipzig Liverpool Dominik Szoboszlai
89%
Switzerland 45,00 2016-2017 Bor. M'gladbach Arsenal Granit Xhaka
89%
Spain 80,00 2018-2019 Atheltic Chelsea Kepa Arrizabalaga
89%
Serbia 83,50 2021-2022 Fiorentina Juventus Dušan Vlahović
85%
Senegal 42,00 2022-2023 SSC Napoli Chelsea Kalidou Koulibaly
85%
Bosnia and Herzegovina 60,00 2020-2021 Juventus Barcelona Miralem Pjanic
85%
Ivory Coast 80,00 2019-2020 LOSC Lille Arsenal Nicolas Pépé
85%
Iceland 49,40 2017-2018 Swansea Everton Gylfi Sigurdsson
81%
Türkiye 34,00 2015-2016 Atlético Madrid Barcelona Arda Turan
78%
Armenia 42,00 2016-2017 Borussia Dortmund Manchester United Henrikh Mkhitaryan
74%
Canada 27,00 2020-2021 KAA Gent LOSC Lille Jonathan David
74%
Russia 30,00 2018-2019 CSKA Moscow Monaco Aleksandr Golovin
70%
Mexico 45,00 2019-2020 PSV Eindhoven SSC Napoli Hirving Lozano
67%
Greece 36,00 2019-2020 AS Roma SCC Napoli Konstantinos Manolas
63%
Slovakia 34,00 2017-2018 Sampdoria Inter Milan Skriniar
63%
Romania 25,00 2023-2024 Genoa Tottenham Radu Drăgușin
63%
Montenegro 26,00 2013-2014 Fiorentina Manchester City Stevan Jovetic
59%
Belarus 17,00 2008-2009 Arsenal Barcelona Aleksandr Hleb
56%
Slovenia 24,00 2023-2024 RB Salzburg RB Leipzig Benjamin Sesko
56%
Democratic Republic of Congo 40,00 2017-2018 Villarreal BJ Guoan Cédric Bakambu
48%
North Macedonia 24,00 2023-2024 SSC Napoli RB Leipzig Eljif Elmas
41%
Ireland 26,85 2023-2024 Wolverhampton Brentford Nathan Collins
33%
Austria 25,50 2023-2024 TSG Hoffenheim RB Leipzig Christoph Baumgartner
26%
Australia 17,00 2022-2023 Stoke City Leicester Harry Souttar
26%
Albania 26,50 2021-2022 Hellas Verona AS Roma Marash Kumbulla
22%
Paraguay 24,50 2014-2015 Hellas Verona AS Roma Juan Iturbe
11%
No matching quizzes found
Score Distribution
Percent of People with Each Score
Percentile by Number Answered
Your Score History
You have not taken this quiz